Enduring Uncertainty (Record no. 351431)
[ view plain ]
| 000 -LEADER | |
|---|---|
| fixed length control field | 00691nam a2200145Ia 4500 |
| 008 - FIXED-LENGTH DATA ELEMENTS--GENERAL INFORMATION | |
| fixed length control field | 171212s9999 xx 000 0 und d |
| 020 ## - INTERNATIONAL STANDARD BOOK NUMBER | |
| International Standard Book Number | 9781785330223 |
| 100 ## - MAIN ENTRY--PERSONAL NAME | |
| Personal name | Hasselberg, Ines |
| 245 ## - TITLE STATEMENT | |
| Statement of responsibility, etc | Hasselberg, Ines |
| Title | Enduring Uncertainty |
| Remainder of title | Deportation, Punishment and Everyday Life |
| 260 ## - PUBLICATION, DISTRIBUTION, ETC. (IMPRINT) | |
| Name of publisher, distributor, etc | Berghahn Books |
| Date of publication, distribution, etc | 2016 |
| 440 ## - SERIES STATEMENT/ADDED ENTRY--TITLE | |
| Title | Dislocations |
| 650 ## - SUBJECT ADDED ENTRY--TOPICAL TERM | |
| Topical term or geographic name as entry element | Anthropology |
| 650 ## - SUBJECT ADDED ENTRY--TOPICAL TERM | |
| Topical term or geographic name as entry element | Great Britain -- Emigration and immigration -- Social aspects; Aliens -- Great Britain -- Social conditions; Aliens -- Legal status, laws, etc. -- Great Britain; Alien criminals -- Government policy -- Great Britain; Deportation -- Government policy -- Gr |
| 856 ## - ELECTRONIC LOCATION AND ACCESS | |
| Uniform Resource Identifier | <a href="http://jstor.org/stable/j.ctt1kk66dj">http://jstor.org/stable/j.ctt1kk66dj</a> |
| Withdrawn status | Lost status | Damaged status | Home library | Current library | Date acquired | Total Checkouts | Full call number | Date last seen | Price effective from | Koha item type |
|---|---|---|---|---|---|---|---|---|---|---|
| College Library | College Library | 12/12/2017 | JV 7633 .H37 2016 | 12/12/2017 | 12/12/2017 | Curriculum - Based eBooks |